000 00629nam a2200229 i 4500
001 C2-0154602
003 PPAK
005 20180727132116.0
008 980331s1983 enka|||| ||||| | eng d
020 _a0861011759
040 _aPPAK
_beng
_cPPAK
_erda
082 0 4 _a635.9312
_223
090 0 0 _a635.9312
_bLEG
_dR
100 1 _aLegge, Bob,
_eauthor
245 1 3 _aAn illustrated guide to annuals
264 1 _aLondon :
_bSalamander Books ,
_c1983
300 _a160 pages :
_bcolour illustrations ;
_c23 cm
336 _2rdacontent
_atext
337 _2rdamedia
_aunmediated
338 _2rdacarrier
_avolume
942 _ddc
_cB
999 _c47646
_d47646